000 00393nam a22001937a 4500
003 UA-OsUOA
001 3600
007 ta
008 20050721b un ||||| |||| 00| 0 ukr d
100 _aDavau
700 _aM.
700 _aCohen
700 _aM.
942 _cBK
040 _aUA-OsUOA
_cUA-OsUOA
_dUA-OsUOA
245 _aDictionnaire du Francais Vivant.
955 _a2
650 7 _2UDC
999 _c289762
_d289762